E-learning in construction (Record no. 118053)
[ view plain ]
| 000 -LEADER | |
|---|---|
| fixed length control field | 00884cam a2200229 4500 |
| 001 - CONTROL NUMBER | |
| control field | ABS68289 |
| 008 - FIXED-LENGTH DATA ELEMENTS--GENERAL INFORMATION | |
| fixed length control field | 040924n2004 000 0 eng u |
| 035 ## - SYSTEM CONTROL NUMBER | |
| System control number | (Sirsi) u127519 |
| 100 ## - MAIN ENTRY--PERSONAL NAME | |
| Personal name | Pitman, J. |
| 245 ## - TITLE STATEMENT | |
| Title | E-learning in construction |
| 260 ## - PUBLICATION, DISTRIBUTION, ETC. | |
| Date of publication, distribution, etc. | 2004 |
| 490 ## - SERIES STATEMENT | |
| Series statement | Contract Journal |
| Volume/sequential designation | 425(6493) 15 September 2004, 19(1) |
| 520 ## - SUMMARY, ETC. | |
| Summary, etc. | Reports on the progress of CPD as an essential part of professional life. Highlights the increased use of online learning. Details some of the online services on offer, such as www.cpdconstruction.com, www.tttrain.co.uk and www.redvector.com. Suggests this learning medium can complement other sources of continuous training. |
| 590 ## - LOCAL NOTE (RLIN) | |
| Local note | ABS |
| 590 ## - LOCAL NOTE (RLIN) | |
| Local note | ABS |
| 650 ## - SUBJECT ADDED ENTRY--TOPICAL TERM | |
| Topical term or geographic name entry element | CPD |
| 650 ## - SUBJECT ADDED ENTRY--TOPICAL TERM | |
| Topical term or geographic name entry element | E-LEARNING |
| 650 ## - SUBJECT ADDED ENTRY--TOPICAL TERM | |
| Topical term or geographic name entry element | ONLINE LEARNING |
| 650 ## - SUBJECT ADDED ENTRY--TOPICAL TERM | |
| Topical term or geographic name entry element | LIFELONG LEARNING |
| 690 ## - LOCAL SUBJECT ADDED ENTRY--TOPICAL TERM (OCLC, RLIN) | |
| Topical term or geographic name as entry element | TRAINING AND CAREER DEVELOPMENT |
| 942 ## - ADDED ENTRY ELEMENTS (KOHA) | |
| Suppress in OPAC | 0 |
| Withdrawn status | Lost status | Source of classification or shelving scheme | Damaged status | Not for loan | Home library | Current library | Shelving location | Date acquired | Total Checkouts | Full call number | Barcode | Date last seen | Copy number | Price effective from | Koha item type |
|---|---|---|---|---|---|---|---|---|---|---|---|---|---|---|---|
| Dewey Decimal Classification | London | London | Journal article | 24/09/2004 | ABS68289 | 127519-1001 | 06/08/2019 | 1 | 06/08/2019 | Journal article |